|
|
|
|
| LEADER |
00000nam0a2200000 4500 |
| 001 |
365572 |
| 005 |
20231102011810.0 |
| 035 |
|
|
|a (RuTPU)RU\TPU\retro\22935
|
| 090 |
|
|
|a 365572
|
| 100 |
|
|
|a 20220113d1981 km y0rusy50 ca
|
| 101 |
0 |
|
|a rus
|
| 102 |
|
|
|a UA
|
| 105 |
|
|
|a a b 001zy
|
| 200 |
1 |
|
|a Атлас и каталог звездных величин фотоэлектрических стандартов
|f М. С. Казанасмас, Л. А. Завершнева, Л. Ф. Томак
|g Академия наук Украинской ССР, Главная астрономическая обсерватория
|
| 210 |
|
|
|a Киев
|c Наукова думка
|d 1981
|
| 215 |
|
|
|a 220 с.
|c ил.
|
| 320 |
|
|
|a Библиогр.: с.214-218
|
| 606 |
1 |
|
|a Звезды
|x Строение
|2 stltpush
|3 (RuTPU)RU\TPU\subj\11459
|9 38391
|
| 610 |
1 |
|
|a атласы
|
| 610 |
1 |
|
|a каталоги
|
| 610 |
1 |
|
|a величины
|
| 610 |
1 |
|
|a фотоэлектрические стандарты
|
| 610 |
1 |
|
|a спектральные классы
|
| 675 |
|
|
|a 524.3(084)
|v 4
|
| 700 |
|
1 |
|a Казанасмас
|b М. С.
|g Михаил Степанович
|
| 701 |
|
1 |
|a Завершнева
|b Л. А.
|g Лариса Александровна
|
| 701 |
|
1 |
|a Томак
|b Л. Ф.
|g Лариса Федосеевна
|
| 712 |
0 |
2 |
|a Академия наук Украинской ССР
|b Главная астрономическая обсерватория
|c (Голосеево, Киев)
|2 stltpush
|3 (RuTPU)RU\TPU\col\19254
|9 27420
|
| 801 |
|
1 |
|a RU
|b 63413507
|c 20220113
|
| 801 |
|
2 |
|a RU
|b 63413507
|c 20220113
|g RCR
|
| 942 |
|
|
|c BK
|